000 00374nam a2200145Ia 4500
008 230917s9999||||xx |||||||||||||| ||und||
040 _e79600
_aMAIN
041 _aEnglish
082 _a174.03 P66C
100 _aPirsing, Maynard E
245 0 _aProfessional responsibility: cases and materials
260 _aMinnesota
_bWest
_c1984
300 _alxix, 603 p.
942 _cBK
999 _c52739
_d52739